00241nam a22001097a 4500008004100000020001800041041000800059080001300067100000700080101000900087245003500096190305b xxu||||| |||| 00| 0 eng d a9780323029513 aeng 25tha618 a10 aGJIN aComprehensive GynecologycKatz